Loading...
| Science - Physics | 2 | 4 | 0 | 1 | 70 | 48 | 89.67 | 3 | 6 |
| Arts - Music | 0 | 3 | 0 | 1 | 30 | 74 | 114.33 | 3 | 3 |
| Science - Engineering | 1 | 1 | 0 | 1 | 25 | 55 | 95.00 | 0 | 2 |
| Other - Pop Culture | 1 | 1 | 0 | 1 | 25 | 60 | 96.50 | 1 | 2 |
| Literature - American Lit | 0 | 2 | 0 | 0 | 20 | 120 | 120.50 | 1 | 2 |
| Thought - Philosophy | 0 | 2 | 0 | 0 | 20 | 93 | 95.50 | 2 | 2 |
| Science - Biology | 0 | 2 | 0 | 0 | 20 | 114 | 116.50 | 1 | 2 |
| Science - Other Science | 0 | 3 | 3 | 1 | 15 | 104 | 113.67 | 0 | 3 |
| Literature - British Lit | 0 | 2 | 1 | 0 | 15 | 82 | 112.00 | 0 | 2 |
| Other - Geo/CE | 0 | 1 | 0 | 1 | 10 | 126 | 126.00 | 0 | 1 |
| Beliefs - Mythology | 0 | 1 | 0 | 0 | 10 | 95 | 95.00 | 0 | 1 |
| Literature - World Lit | 0 | 1 | 0 | 0 | 10 | 122 | 122.00 | 1 | 1 |
| Other - Other Academic | 0 | 1 | 1 | 0 | 5 | 83 | 83.00 | 1 | 1 |
| Arts - Other Arts | 0 | 1 | 1 | 0 | 5 | 115 | 115.00 | 0 | 1 |
| Thought - Social Science | 0 | 1 | 2 | 0 | 0 | 66 | 66.00 | 1 | 1 |
| Science - Chemistry | 0 | 1 | 3 | 1 | -5 | 144 | 144.00 | 0 | 1 |
| Arts - Painting | 0 | 0 | 1 | 0 | -5 | 0.00 | 0 | 0 |